000 00751nam a2200217Ia 4500
003 GCL
008 140319s9999 xx 000 0 ara d
040 _aGCL /
_cGCL
082 0 4 _a301.01
_bا م
100 1 _aاحمد القصير
245 1 0 _aمنهجية علم الاجتماع بين الوظيفية والماركسية والبنيوية(هدية من الاديب عبدالفتاح الجمل) /
_cاحمد القصير
260 _a[S.N] :
_bالهيئة المصرية العامة للكتاب ،
_c1985
300 _a225 ص
490 _a
650 0 4 _aالماركسية
650 0 4 _aنظريات
650 0 4 _aالاجتماع
650 0 4 _aالبناء الاجتماعى
650 0 4 _aالوظيفة
942 _2ddc
_cBK
999 _c28609
_d28609